000 00287nam a22001217a 4500
008 180807b xxu||||| |||| 00| 0 eng d
082 _a813.52
245 _aGould's contemporary criminal procedure
_cHOLTZ.L.E
260 _c2004
300 _a1
_fCD
760 _b 8 th
942 _2ddc
_cMX
999 _c46922
_d46922